The Marvel Movies - Tile Select - Statistics

General Stats
  • This quiz has been taken 51 times
  • The average score is 21 of 56
Answer Stats
Question Tile Select % Correct
The Avengers movies you watched in theaters Endgame Yes
75%
The Spider-Man movies you watched in theaters Far From Home Yes
70%
The Avengers movies you watched in theaters Infinity War Yes
70%
The Avengers movies you watched in theaters Civil War Yes
64%
The other MCU movies you watched in theaters Guardians Vol. 2. Yes
61%
The Spider-Man movies you watched in theaters Homecoming Yes
61%
The Avengers movies you watched in theaters Ant-Man Yes
59%
The other MCU movies you watched in theaters Black Panther Yes
59%
The other MCU movies you watched in theaters Guardians of the Galaxy Yes
59%
The Avengers movies you watched in theaters Age of Ultron Yes
57%
The other MCU movies you watched in theaters Captain Marvel Yes
57%
The Avengers movies you watched in theaters Avengers Yes
55%
The Avengers movies you watched in theaters Ragnarok Yes
55%
The Avengers movies you watched in theaters Ant-Man and the Wasp Yes
52%
The other Marvel movies you watched in theaters Doctor Strange Yes
52%
The Spider-Man movies you watched in theaters Into the Spider-Verse Yes
52%
The Avengers movies you watched in theaters Winter Soldier Yes
50%
The X-Men movies you watched in theaters Days of Future Past Yes
43%
The Avengers movies you watched in theaters Ironman 3 Yes
43%
The Spider-Man movies you watched in theaters Amazing Spider-Man 2 Yes
41%
The Avengers movies you watched in theaters Dark World Yes
41%
The other Marvel movies you watched in theaters Venom Yes
41%
The Spider-Man movies you watched in theaters Amazing Spider-Man Yes
39%
The Avengers movies you watched in theaters Captain America Yes
39%
The Avengers movies you watched in theaters Thor Yes
39%
The other Marvel movies you watched in theaters Big Hero Six Yes
36%
The X-Men movies you watched in theaters Deadpool Yes
36%
The X-Men movies you watched in theaters Deadpool 2 Yes
36%
The Avengers movies you watched in theaters Ironman 2 Yes
36%
The Spider-Man movies you watched in theaters Spider-Man 3 Yes
36%
The X-Men movies you watched in theaters Apocalypse Yes
34%
The X-Men movies you watched in theaters Dark Phoenix Yes
34%
The X-Men movies you watched in theaters X-Men Yes
34%
The Avengers movies you watched in theaters Ironman Yes
32%
The X-Men movies you watched in theaters Logan Yes
32%
The Spider-Man movies you watched in theaters Spider-Man Yes
32%
The Spider-Man movies you watched in theaters Spider-Man 2 Yes
32%
The X-Men movies you watched in theaters X-Men Origins Yes
32%
The Avengers movies you watched in theaters Incredible Hulk Yes
30%
The X-Men movies you watched in theaters X-2 Yes
30%
The X-Men movies you watched in theaters First Class Yes
27%
The X-Men movies you watched in theaters The Wolverine Yes
27%
The other Marvel movies you watched in theaters Rise of Silver Surfer Yes
25%
The other Marvel movies you watched in theaters Fantastic Four (2015) Yes
23%
The X-Men movies you watched in theaters X-3 Yes
23%
The other Marvel movies you watched in theaters Fantastic Four (2005) Yes
18%
The other Marvel movies you watched in theaters Daredevil Yes
11%
The other Marvel movies you watched in theaters Ghostrider Yes
11%
The other Marvel movies you watched in theaters Elektra Yes
9%
The other Marvel movies you watched in theaters Spirit of Vengeance Yes
9%
The other Marvel movies you watched in theaters War Zone Yes
9%
The other Marvel movies you watched in theaters Blade Yes
7%
The other Marvel movies you watched in theaters Blade II Yes
7%
The other Marvel movies you watched in theaters Blade: Trinity Yes
7%
The other Marvel movies you watched in theaters Punisher Yes
7%
The other Marvel movies you watched in theaters Howard the Duck Yes
5%
No matching quizzes found
Score Distribution
Percent of People with Each Score
Percentile by Number Answered
Your Score History
You have not taken this quiz